Features of the Amplitude-Frequency Characteristics of Electromagnetic Emission during Uniaxial Compression of Dielectric Composites; IOP Conference Series: Materials Science and Engineering; Vol. 81 : Radiation-Thermal Effects and Processes in Inorganic Materials
| Parent link: | IOP Conference Series: Materials Science and Engineering Vol. 81 : Radiation-Thermal Effects and Processes in Inorganic Materials.— 2015.— [012060, 4 p.] |
|---|---|
| Κύριος συγγραφέας: | |
| Συγγραφή απο Οργανισμό/Αρχή: | |
| Άλλοι συγγραφείς: | |
| Περίληψη: | Title screen We have studied the electromagnetic emission from samples of epoxy resin filled with sand subjected to uniaxial compression . Capacitive sensor measures the electrical component of the response when excited electromagnetic emission of ultrasonic pulse using a differential amplifier. It was shown the influence of the load on the spectral signal characteristics: with increasing pressure, the formation of bands at frequencies corresponding to possibly quasi-Rayleigh waves generation. It is concluded that the use of the experimental geometry studies the main contribution to the response of electromagnetic emissions create born normal vibrations, which are damped standing waves. Режим доступа: по договору с организацией-держателем ресурса |
| Γλώσσα: | Αγγλικά |
| Έκδοση: |
2015
|
| Θέματα: | |
| Διαθέσιμο Online: | http://dx.doi.org/10.1088/1757-899X/81/1/012060 http://earchive.tpu.ru/handle/11683/14709 |
| Μορφή: | Ηλεκτρονική πηγή Κεφάλαιο βιβλίου |
| KOHA link: | https://koha.lib.tpu.ru/cgi-bin/koha/opac-detail.pl?biblionumber=642969 |
MARC
| LEADER | 00000nla2a2200000 4500 | ||
|---|---|---|---|
| 001 | 642969 | ||
| 005 | 20231101134236.0 | ||
| 035 | |a (RuTPU)RU\TPU\network\7957 | ||
| 035 | |a RU\TPU\network\7951 | ||
| 090 | |a 642969 | ||
| 100 | |a 20150826a2015 k y0engy50 ba | ||
| 101 | 0 | |a eng | |
| 102 | |a GB | ||
| 105 | |a y z 100zy | ||
| 135 | |a drgn ---uucaa | ||
| 181 | 0 | |a i | |
| 182 | 0 | |a b | |
| 200 | 1 | |a Features of the Amplitude-Frequency Characteristics of Electromagnetic Emission during Uniaxial Compression of Dielectric Composites |f V. P. Surzhikov, N. N. Khorsov | |
| 203 | |a Text |c electronic | ||
| 300 | |a Title screen | ||
| 320 | |a [References: 10 tit.] | ||
| 330 | |a We have studied the electromagnetic emission from samples of epoxy resin filled with sand subjected to uniaxial compression . Capacitive sensor measures the electrical component of the response when excited electromagnetic emission of ultrasonic pulse using a differential amplifier. It was shown the influence of the load on the spectral signal characteristics: with increasing pressure, the formation of bands at frequencies corresponding to possibly quasi-Rayleigh waves generation. It is concluded that the use of the experimental geometry studies the main contribution to the response of electromagnetic emissions create born normal vibrations, which are damped standing waves. | ||
| 333 | |a Режим доступа: по договору с организацией-держателем ресурса | ||
| 337 | |a Adobe Reader | ||
| 461 | 1 | |0 (RuTPU)RU\TPU\network\2008 |t IOP Conference Series: Materials Science and Engineering | |
| 463 | 1 | |0 (RuTPU)RU\TPU\network\7891 |t Vol. 81 : Radiation-Thermal Effects and Processes in Inorganic Materials |o International Scientific Conference, 3-8 November 2014, Tomsk, Russia |o [proceedings] |v [012060, 4 p.] |d 2015 | |
| 610 | 1 | |a электронный ресурс | |
| 610 | 1 | |a труды учёных ТПУ | |
| 610 | 1 | |a электромагнитная эмиссия | |
| 610 | 1 | |a одноосное сжатие | |
| 610 | 1 | |a диэлектрические композиты | |
| 610 | 1 | |a композиты | |
| 700 | 1 | |a Surzhikov |b V. P. |c specialist in the field of non-destructive testing |c senior researcher of Tomsk Polytechnic University, candidate of physical and mathematical sciences |f 1954- |g Vladimir Petrovich |2 stltpush |3 (RuTPU)RU\TPU\pers\34577 | |
| 701 | 1 | |a Khorsov |b N. N. |c specialist in the field of non-destructive testing |c Senior researcher of Tomsk Polytechnic University |f 1943- |g Nikolay Nikolaevich |2 stltpush |3 (RuTPU)RU\TPU\pers\32242 | |
| 712 | 0 | 2 | |a Национальный исследовательский Томский политехнический университет (ТПУ) |b Институт неразрушающего контроля (ИНК) |b Проблемная научно-исследовательская лаборатория электроники, диэлектриков и полупроводников (ПНИЛ ЭДиП) |h 194 |2 stltpush |3 (RuTPU)RU\TPU\col\19033 |
| 801 | 2 | |a RU |b 63413507 |c 20161212 |g RCR | |
| 856 | 4 | |u http://dx.doi.org/10.1088/1757-899X/81/1/012060 | |
| 856 | 4 | |u http://earchive.tpu.ru/handle/11683/14709 | |
| 942 | |c CF | ||